Evaluación de higiene y seguridad de los ambientes laboratorio de química y Biblioteca Esmán Marín RUSB : informe técnico
La investigación presenta un informe se abordan los métodos y herramientas necesarias que permitieron diagnosticar los distintos ambientes laborales y académicos del recinto universitario Simón Bolívar, destacando el laboratorio de química perteneciente a la Facultad de Ingeniería Química y...
| Main Author: | |
|---|---|
| Other Authors: | |
| Format: | Tesis Section = Libro |
| Language: | Undetermined Spanish |
| Published: |
Managua
UNI
2016
|
| Subjects: |
| LEADER | 01205nam a2200253Ia 4500 | ||
|---|---|---|---|
| 008 | 240830s9999 xx 000 0 und d | ||
| 040 | |a BIBLIOTECA-RUSB/ Mon 363.119 O13 | ||
| 041 | |a spa | ||
| 082 | |a Mon 363.119 O13 | ||
| 100 | 1 | |a Obregón Patiño, Ariel Andrea | |
| 245 | 1 | 0 | |a Evaluación de higiene y seguridad de los ambientes laboratorio de química y Biblioteca Esmán Marín RUSB : informe técnico |
| 260 | |a Managua |b UNI |c 2016 | ||
| 300 | |a 92 p. :il. | ||
| 500 | |a Contiene: anexos e Incluye: CD. | ||
| 502 | |a Tesis (Arquitecto) - UNI, 2016. | ||
| 520 | 3 | |a La investigación presenta un informe se abordan los métodos y herramientas necesarias que permitieron diagnosticar los distintos ambientes laborales y académicos del recinto universitario Simón Bolívar, destacando el laboratorio de química perteneciente a la Facultad de Ingeniería Química y la biblioteca Esmán Marín. | |
| 650 | 7 | |a RIESGO LABORAL-MAPA | |
| 650 | 7 | |b ACCIDENTES DE TRABAJO-PREVENCION | |
| 650 | 7 | |c SEGURIDAD OCUPACIONAL | |
| 650 | 7 | |d ACCIDENTES DE TRABAJO-MEDIDAS DE SEGURIDAD | |
| 700 | 1 | |a Tutor: |b Zelaya González, Johanna del Carmen | |
| 942 | |c BK |2 ddc | ||
| 991 | |a TESIS | ||
| 999 | |c 19931 | ||